Cities in The World Of Ice and Fire - Statistics

General Stats
  • This quiz has been taken 232 times
  • The average score is 16 of 35
Answer Stats
Information City % Correct
Oldest city in Westeros. Oldtown
94%
Capital of the Seven Kingdoms. King's Landing
93%
Founded by escaped Valyrian slaves. Wealthiest Free City. Braavos
92%
Well-known for breeding and training the best bed-slaves amongst all of the Free Cities. Lys
86%
The Oldest Free City governed by tree elected leader. Volantis
85%
Port city of westeros governed by a cadet branch of House Lannister. Lannisport
84%
Slaver city-state. Ruled and governed by the Good Masters. Astapor
80%
Ruled by an elected prince but his role is mostly ceremonial. Pentos
80%
City-state with yellow walls. Famous for it's bed slaves. Yunkai
80%
The most technologically advanced Free City. Myr
78%
Only city in The North. White Harbor
77%
Holy city of the dothraki people. Vaes Dothrak
75%
Lies in the southern coast of the Red Waste. Inhabited by tall, pale people. Qarth
74%
Located on the biggest island in the Stepstones. Tyrosh
66%
Port city of The Vale of Arryn Governed by House Grafton. Gulltown
62%
The poorest Free City. Lorath
60%
The womans in this city shave their entire body including hair and pubic areas. Norvos
57%
Lies on the western side of a forest which is inhabited by the Little Valyrians. Qohor
55%
Has walls of many colors and famous fighting pits. Meeren
53%
The most impotant city of Ibben. Lies in the southern coast of Ib. Port of Ibben
23%
Ex-Valyrian colony inhabited by malformed people. Mantarys
22%
The capital of Yi Ti where the 17th Azure Emperor resides. Yin
17%
Rumored to train the best slingshooters in the world. Tolos
16%
The only city still inhabited by the Tagaez Fen. Saath
13%
Ex-Valyrian colony on an island within the Slaver's Bay. Elyria
12%
Governed by the Great Fathers and protected by warrior maidens.Has yellow bones in it's walls. Kayakayanaya
9%
A city which lies mainly underground. Nefer
8%
Ibbenese city with unsavory reputation. Ib Sar
6%
Ibbenese city on a forested penisula. New Ibbish
6%
Port city on northern Ib. Ib Nor
4%
Home of the 69th Yellow Emperor. Carcosa
2%
Home of the 1st Orange Emperor. Trader town
2%
Located on Jhala at the mouth of Sweet Lotus Vale. Ebonhead
1%
Fishing and mining colony of Lorath. Morosh
1%
Located on Leng. Inhabited by the Lengii Turrani
0%
No matching quizzes found
Score Distribution
Percent of People with Each Score
Percentile by Number Answered
Your Score History
You have not taken this quiz